Το σχολείο και οι κοινωνιολογίες του
Αποθηκεύτηκε σε:
| Κύριος συγγραφέας: | |
|---|---|
| Άλλοι συγγραφείς: | , |
| Μορφή: | Βιβλίο |
| Γλώσσα: | Greek French |
| Δημοσίευση: |
Αθήνα :
Gutenberg,
2000.
|
| Σειρά: | Βιβλιοθήκη κοινωνικής επιστήμης και κοινωνικής πολιτικής
|
| Θέματα: | |
| Ετικέτες: |
Προσθήκη ετικέτας
Δεν υπάρχουν, Καταχωρήστε ετικέτα πρώτοι!
|
MARC
| LEADER | 00000cam a2200000 i 4500 | ||
|---|---|---|---|
| 001 | 1/34000 | ||
| 008 | 030304s2000 gr | ||| |||| ||gre|| | ||
| 020 | |a 9600108315 |q (χαρτοδετο) | ||
| 035 | |l 10069613 | ||
| 040 | |a GR-MyUa |b gre |e AACR2 | ||
| 041 | 1 | |a gre |h fre | |
| 082 | 7 | |a 370.19 |2 (23) | |
| 100 | 1 | |a Queiroz, Jean-Manuel de. | |
| 245 | 1 | 3 | |a Το σχολείο και οι κοινωνιολογίες του / |c Jean-Manuel de Queiroz ; μετάφραση: Ιφιγένεια Χριστοδούλου, Γιώργος Σταμέλος ; πρόλογος: Γιώργος Σταμέλος, φιλολογική επιμέλεια: Ιφιγένεια Χριστοδούλου. |
| 260 | |a Αθήνα : |b Gutenberg, |c 2000. | ||
| 300 | |a 226 σ. ; |c 21 εκ. | ||
| 490 | 1 | |a (Βιβλιοθήκη κοινωνικής επιστήμης και κοινωνικής πολιτικής ; |v 66) | |
| 500 | |a Τίτλος πρωτοτύπου: L' ecole et ses sociologies. | ||
| 650 | 0 | |a Educational sociology. | |
| 700 | 1 | |a Χριστοδούλου, Ιφιγένεια, |e edtf |e trlf | |
| 700 | 1 | |a Σταμέλος, Γιώργος |d 1961- |e trl | |
| 830 | 0 | |a Βιβλιοθήκη κοινωνικής επιστήμης και κοινωνικής πολιτικής | |
| 852 | |a INST |b RHODES |e 20030304 |h 370.19 QUE |p 005400020641 |q 005400020641 |t BK |y 0 | ||
| 901 | |a BIBL4-2003-1 | ||
| 922 | |a 4ΕΛΗ |b 200212 |c ΕΠΕΑΕΚ2/ΤΕΠΑΕΣ |d ΠΑΠΑΣΩΤΗΡΙΟΥ & ΕΛΕΥΘΕΡΟΥΔΑΚΗΣ | ||
| 950 | |a 096-2002-10-23 | ||
| 970 | |a Κουλακιώτη |b Λίτσα |z 2003/03/05 | ||